Statistics for Countries Without A

Click here to take the quiz!

General Stats

  • This quiz has been taken 114 times
  • The average score is 18 of 30

Answer Stats

Answer% Correct
S. AmericaChile
86%
S. AmericaPeru
84%
N. AmericaMexico
81%
EuropeSweden
78%
AfricaEgypt
77%
OceaniaFiji
76%
EuropeBelgium
71%
EuropeGreece
71%
EuropeLuxembourg
71%
EuropeUnited Kingdom
71%
AfricaTogo
70%
EuropeKosovo
64%
AsiaYemen
64%
N. AmericaBelize
62%
AfricaBenin
62%
EuropeLiechtenstein
60%
AfricaMorocco
60%
AfricaLesotho
59%
AfricaDjibouti
57%
AsiaCyprus
56%
AfricaNiger
52%
AfricaComoros
51%
AsiaTurkey
49%
AsiaBrunei
48%
AfricaBurundi
47%
EuropeMontenegro
45%
EuropeCzech Republic
43%
AsiaPhilippines
38%
AfricaSeychelles
37%
AfricaRepublic of Congo
25%

Score Distribution

Percentile by Number Answered

Percent of People with Each Score

Your Score History

You have not taken this quiz